Disability Access (BS 8300:2001) BSI electronic book (Record no. 85436)

MARC details
000 -LEADER
fixed length control field 01328cgm a22002535a 4500
001 - CONTROL NUMBER
control field J125753
008 - FIXED-LENGTH DATA ELEMENTS--GENERAL INFORMATION
fixed length control field 040406s2002 xxk f 000 0 eng u
035 ## - SYSTEM CONTROL NUMBER
System control number (Sirsi) u125753
041 0# - LANGUAGE CODE
Language code of text/sound track or separate title eng
050 04 - LIBRARY OF CONGRESS CALL NUMBER
Classification number 725.54
-- 18
110 2# - MAIN ENTRY--CORPORATE NAME
Corporate name or jurisdiction name as entry element British Standards Institution
9 (RLIN) 130
245 00 - TITLE STATEMENT
Title Disability Access (BS 8300:2001) BSI electronic book
Medium [electronic resource]
260 ## - PUBLICATION, DISTRIBUTION, ETC.
Place of publication, distribution, etc. London
Name of publisher, distributor, etc. BSI
Date of publication, distribution, etc. 2002
300 ## - PHYSICAL DESCRIPTION
Extent 1 CD-ROM
350 ## - PRICE (NR) (BK AM CF MU VM SE) [OBSOLETE]
Price 180
490 ## - SERIES STATEMENT
Series statement BS
Volume/sequential designation 8300: 2001
520 ## - SUMMARY, ETC.
Summary, etc. Discusses recommendations for the design of new buildings and their approaches, to meet the needs of disabled people. Applies to car parking provisions, setting down points and garaging, access routes to and around all buildings, and entrances to and interiors of new buildings. Routes to recreational facilities associated with and in the immediate vicinity of buildings, such as patios, and seating and picnic areas, are also covered. The CD-ROM contains the standard in PDF format, plus an audio version.
520 ## - SUMMARY, ETC.
Summary, etc. A hardcopy of this publication is available (ISBN 0580384381)
650 ## - SUBJECT ADDED ENTRY--TOPICAL TERM
Topical term or geographic name entry element DISABILITY DISCRIMINATION ACT 1995
650 ## - SUBJECT ADDED ENTRY--TOPICAL TERM
Topical term or geographic name entry element MANAGEMENT-BUSINESS MANAGEMENT-DISCRIMINATION-DISABILITY DISCRIMINATION-ACCESSIBILITY
650 ## - SUBJECT ADDED ENTRY--TOPICAL TERM
Topical term or geographic name entry element PEOPLE WITH DISABILITIES
690 ## - LOCAL SUBJECT ADDED ENTRY--TOPICAL TERM (OCLC, RLIN)
Topical term or geographic name as entry element BUILT ENVIRONMENT-CONSTRUCTION DESIGN
942 ## - ADDED ENTRY ELEMENTS (KOHA)
Suppress in OPAC 0
Holdings
Withdrawn status Lost status Source of classification or shelving scheme Damaged status Not for loan Home library Current library Shelving location Date acquired Total Checkouts Full call number Barcode Date last seen Date last checked out Copy number Price effective from Koha item type
    Dewey Decimal Classification     London London Enquiry desk 13/04/2004 18 BASEMENT 7 30069126 06/08/2019 01/03/2010 1 06/08/2019 Audio